000 00495 a2200157 4500
020 _a0975586009
040 _aDLC
_bDLC
082 _a370
100 _aAnwar Dil
245 _aIntercultural Education: Reminiscences of U.S. international university
_cAnwar Dil
260 _aSan Diego:
_bTakshila Research University,
_c 2004.
300 _a423 p. :
_b ill. ;
_c 24 cm.
500 _aIncludes bibliographical references and index
650 _aIntercultureal education
942 _cBK
_k370 ANW
_2ddc
999 _c7353
_d7353